Multimedia technology and applications
Đã lưu trong:
| Príomhúdar: | |
|---|---|
| Formáid: | Leabhar |
| Teanga: | Undetermined |
| Foilsithe: |
Springer
1997
|
| Clibeanna: |
Cuir Clib Leis
Gan Chlibeanna, Bí ar an gcéad duine leis an taifead seo a chlibeáil!
|
| Thư viện lưu trữ: | Trung tâm Học liệu Trường Đại học Cần Thơ |
|---|
| LEADER | 00400nam a2200145Ia 4500 | ||
|---|---|---|---|
| 001 | CTU_146743 | ||
| 008 | 210402s9999 xx 000 0 und d | ||
| 082 | |a 005.7 | ||
| 082 | |b C552 | ||
| 100 | |a Chow, Vincent W. S. | ||
| 245 | 0 | |a Multimedia technology and applications | |
| 245 | 0 | |c Vincent W. S. Chow | |
| 260 | |b Springer | ||
| 260 | |c 1997 | ||
| 980 | |a Trung tâm Học liệu Trường Đại học Cần Thơ | ||